Statistics for WWII Trivia #2

Click here to take the quiz!

General Stats

  • This quiz has been taken 36,376 times
  • The average score is 13 of 20

Answer Stats

Hint Answer % Correct
Japanese city hit by atom bombHiroshima
96%
Japanese city hit by atom bombNagasaki
93%
Hitler's country of birthAustria
91%
Region of France stormed by the Allies on D-DayNormandy
82%
Hitler's job titleFührer
82%
Winston Churchill quoteThis was their {finest} hour
70%
Hitler's girlfriendEva Braun
69%
Germany's aerial bombardment of the UK in 1940 and 1941The {Blitz}
68%
German general called “The Desert Fox”Erwin Rommel
66%
German counter-offensive on the Western front in late 1944Battle of the {Bulge}
63%
Turning point of the Eastern Front in EuropeBattle of {Stalingrad}
63%
General who said “I shall return”, when forced to leave the PhilippinesDouglas MacArthur
57%
Mussolini's nicknameIl {Duce}
55%
American general called “Old Blood and Guts”George S. Patton
54%
Series of defenses that were supposed to protect France from GermanyThe {Maginot} Line
52%
Capital of “independent” France from 1940-44Vichy
49%
City besieged by Germany between 1941 and 1944Leningrad
45%
Nickname for female factory workers in the US{Rosie} the Riveter
44%
Allowed Germany to annex parts of Czechoslovakia{Munich} Agreement
32%
Winston Churchill quoteBlood, {toil}, tears, and sweat
31%

Score Distribution

Percentile by Number Answered

Percent of People with Each Score

Your Score History

You have not taken this quiz